Chaîne de mots - Royaume-Uni - Statistiques

Statistiques générales
  • Ce quiz a été pris 320 fois
  • Le résultat moyen est 22 sur 30
Statistiques - réponses
Définition Réponse % Correct
L'Hymne actuel "___ Save The King" God
99%
Signifie "jour" en français Day
96%
Prénom de l'Ancienne Reine défunte en 2022 Élisabeth
95%
Prénom du monarque actuel Charles
94%
Ville capitale de l'Ecosse Édimbourg
94%
Veut dire "Royaume" Kingdom
92%
Nom anglais pour l'Ecosse Scotland
92%
Nom anglais pour l'Angleterre England
91%
Grand dramaturge né en 1564 Shakespeare
91%
Prénom de Craig, connu pour son rôle de James Bond Daniel
86%
Prénom d'une femme première ministre de 1979 à 1990 Margaret
86%
La livre qui leur sert de monnaie Sterling
85%
Ancienne princesse célèbre de Galles Diana
83%
Genre musical important, avec de nombreuses contributions britanniques majeures comme les Beatles Rock
81%
Un des symboles de l'Irlande du Nord et de l'Irlande Trèfle
81%
Sport inventé par les anglais, se jouant à quinze contre quinze Rugby
79%
Metier du personnage principal de la série télévisée de science-fiction britannique "... Who" Docteur
78%
Célèbre pour sa théorie de la gravitation universelle Newton
78%
Martin est un constructeur automobile ou Villa un club de football Aston
76%
Région montagneuse qui traverse l'Écosse signifiant "Hautes-Terres" Highlands
67%
Ville qui a donné son nom à une Région anglaise York
66%
La chambre haute du Parlement du Royaume-Uni Lord
63%
Unité de mesure utilisée au Royaume-Uni Yard
57%
La ville côtière la plus proche de la France Douvres
55%
La maison Windsor en est une Dynastie
52%
Etat de l'Empire britannique jusqu'en 1958, puis rattaché à la Malaisie en 1963, puis indépendant en 1965 Singapour
46%
Ville connue pour la légende de Robin des Bois, et pour son industrie textile, Nottingham
44%
Grand capitaine de Liverpool resté 20 ans au club Gerrard
39%
Territoire britannique située dans les caraïbes Anguilla
11%
Région anglaise qui peut être de l'Est ou de l'Ouest Midlands
9%
Aucun quiz correspondant
Distribution des résultats
% des personnes avec chaque résultat
Percentile par nombre de réponses
Votre historique - résultats
Vous n’avez pas pris ce quiz